[Event "Politiken Cup 24th"]
[Site "Copenhagen"]
[Date "2002.07.25"]
[Round "10"]
[White "Raunkjaer, Jonas"]
[Black "Hau, Helge"]
[Result "1-0"]
[WhiteElo "1702"]
[BlackElo "1503"]
[PlyCount "87"]
[EventDate "2002.07.15"]
[EventType "swiss"]
[EventRounds "11"]
[EventCountry "DEN"]
[SourceTitle "CBM 089 Extra"]
[Source "ChessBase"]
[SourceDate "2002.09.10"]
[SourceVersion "2"]
[SourceVersionDate "2002.09.10"]
[SourceQuality "1"]

1. e4 g6 2. d4 e6 3. Be3 a6 4. Bd3 d5 5. e5 Nc6 6. c3 Bg7 7. Nf3 h6 8. Nbd2 Nge7 9. Nf1 Nf5 10. Bd2 Bd7 11. Qc2 Na5 12. h4 Bb5 13. Bxb5+ axb5 14. b3 Qd7 15. Ne3 Nc6 16. Nxf5 gxf5 17. Qd3 Ne7 18. Ng1 f6 19. f4 h5 20. Ne2 Ng6 21. Ng3 0-0-0 22. Qe2 fxe5 23. dxe5 d4 24. Nxh5 d3 25. Qf3 Rhg8 26. Nxg7 Qxg7 27. a4 b4 28. cxb4 Ne7 29. Kf2 Qg4 30. Qxg4 Rxg4 31. g3 Rdg8 32. Rhg1 Nd5 33. Rac1 Rd8 34. Rc4 Nb6 35. Rc5 Nd5 36. a5 Kb8 37. Rc4 c6 38. Rd4 Kc7 39. Kf3 b6 40. Rxd3 c5 41. Be3 cxb4 42. Bxb6+ Nxb6 43. axb6+ Kc8 44. Rc1+ 1-0

[Event "Politiken Cup 24th"]
[Site "Copenhagen"]
[Date "2002.07.16"]
[Round "2"]
[White "Raunkjaer, Jonas"]
[Black "Jensen, Allan Astrup"]
[Result "1-0"]
[WhiteElo "1702"]
[BlackElo "2205"]
[PlyCount "133"]
[EventDate "2002.07.15"]
[EventType "swiss"]
[EventRounds "11"]
[EventCountry "DEN"]
[SourceTitle "CBM 089 Extra"]
[Source "ChessBase"]
[SourceDate "2002.09.10"]
[SourceVersion "2"]
[SourceVersionDate "2002.09.10"]
[SourceQuality "1"]

1. e4 e5 2. Nf3 Nc6 3. Bc4 Bc5 4. c3 Qe7 5. 0-0 Nf6 6. d4 Bb6 7. d5 Nb8 8. Bg5 h6 9. Bh4 d6 10. Nbd2 a6 11. b4 Nbd7 12. Bb3 Nf8 13. Qc2 g5 14. Bg3 Ng6 15. Nc4 Ba7 16. Na5 Nh5 17. Ba4+ Kf8 18. Kh1 Nhf4 19. Ng1 Nh4 20. Bxh4 gxh4 21. Ne2 Nxg2 22. Kxg2 Rg8+ 23. Kh1 Bh3 24. Rg1 Qf6 25. Rxg8+ Kxg8 26. Qd3 Qxf2 27. Qxh3 Qxe2 28. Qg2+ Qxg2+ 29. Kxg2 Be3 30. Rd1 Rb8 31. Kh3 Bf4 32. Bd7 Kg7 33. Nc4 Kf6 34. Nd2 Ke7 35. Bf5 a5 36. b5 a4 37. a3 Rg8 38. Nf3 Be3 39. Nxh4 Bc5 40. Ra1 h5 41. Nf3 Kd8 42. Ra2 c6 43. bxc6 bxc6 44. dxc6 Kc7 45. Bd7 Rb8 46. Nd2 Be3 47. Nc4 Bc5 48. Rb2 Rb3 49. Rxb3 axb3 50. a4 Bb6 51. Kh4 Ba5 52. Nd2 b2 53. Nb1 Kb6 54. Kxh5 Kc5 55. Be8 f6 56. Kg6 d5 57. exd5 e4 58. Kxf6 e3 59. Bh5 Kxd5 60. Be2 Kxc6 61. Ke5 Bc7+ 62. Ke4 Bxh2 63. Kxe3 Kb6 64. Kd2 Bf4+ 65. Kc2 Bc1 66. Bb5 Kc5 67. Na3 1-0

[Event "Lovfalds 10th C"]
[Site "Ringsted"]
[Date "1996.09.22"]
[Round "4"]
[White "Raunkjaer, Jonas"]
[Black "Levy, David2222"]
[Result "1/2-1/2"]
[WhiteElo "1482"]
[BlackElo "1387"]
[PlyCount "49"]
[EventDate "1996.09.20"]
[EventType "tourn"]
[EventRounds "5"]
[EventCountry "DEN"]
[SourceTitle "EXT 2023"]
[Source "ChessBase"]
[SourceDate "2022.10.05"]
[SourceVersion "1"]
[SourceVersionDate "2022.10.05"]
[SourceQuality "1"]

1. e4 Nf6 2. e5 Nd5 3. d4 d6 4. exd6 exd6 5. Nf3 Bg4 6. Be2 Be7 7. 0-0 0-0 8. Nbd2 Nf4 9. Re1 Nxe2+ 10. Qxe2 Nc6 11. c3 Bg5 12. Qb5 Bxd2 13. Nxd2 Rb8 14. Nc4 Be6 15. Ne3 Qd7 16. Qg5 f6 17. Qg3 Ne7 18. Bd2 Nf5 19. Nxf5 Bxf5 20. Re3 Rbe8 21. Rae1 Bg6 22. Qf3 b6 23. Rxe8 Rxe8 24. Rxe8+ Bxe8 25. Qe3 1/2-1/2